20 größte Agglomerationen, die mit V beginnen - Statistiken

Allgemein
  • Dieses Quiz wurde 23 mal gespielt
  • Das Durchschnittsergebnis liegt bei 7 aus 20
Antwortstatistiken
Einwohner Agglomeration Staat % Korrekt
1.800 Valencia Venezuela
95%
1.750 València Spanien
95%
650 Van Türkei
90%
2.750 Vancouver Kanada
90%
700 Vilnius Litauen
76%
700 Vientiane Laos
67%
950 Valparaíso Chile
38%
3.200 Varanasi / Benares Indien
33%
900 Veracruz Mexiko
19%
1.500 Virginia Beach USA
14%
1.800 Vitória Brasilien
14%
600 Vung Tau Vietnam
14%
2.200 Vadodara / Baroda Indien
10%
1.500 Vasai-Virar Indien
10%
600 Vellore Indien
10%
1.700 Vijayawada Indien
10%
600 Vereeniging Südafrika
5%
2.000 Vishakhapatnam Indien
5%
500 Valledupar Kolumbien
0%
850 Villahermosa Mexiko
0%
Keine übereinstimmenden Quizze gefunden
Verteilung der Resultate
Anzahl Personen mit jedem Resultat
Perzentil nach korrekt beantworteten Fragen
Ihre Resultats-Entwicklung
Sie haben dieses Quiz noch nicht gespielt